| 000 | 00694nam a22002297a 4500 | ||
|---|---|---|---|
| 003 | OSt | ||
| 008 | 240523b2014 |||||||| |||| 00| 0 eng d | ||
| 020 | _a9789332518216 | ||
| 082 |
_a658.4032 _bBAL-M |
||
| 100 | _aBalakrishnan, Nagraj | ||
| 245 |
_aManagerial decision modeling with spreadsheets / _cNagraj Balakrishnan, Barry Render and Ralph M. Stair. |
||
| 250 | _a3rd | ||
| 260 |
_aChennai : _bPearson, _c2024. |
||
| 300 | _a624 p. ; | ||
| 650 | _aManagement science | ||
| 650 | _aDecision making - Computer simulation | ||
| 650 | _aElectronic spreadsheets | ||
| 650 | _aManagement - Mathematical models | ||
| 700 | _aRender, Barry | ||
| 700 | _aStair Ralph M. | ||
| 942 |
_2ddc _cBK |
||
| 999 |
_c20584 _d20584 |
||